[Event "Barcelona Sant Marti op-B 23rd"]
[Site "Barcelona"]
[Date "2023.07.18"]
[Round "6"]
[White "Martin Sanchez, Antoni"]
[Black "Martin Arranz, Lluis"]
[Result "1/2-1/2"]
[WhiteElo "1448"]
[BlackElo "1598"]
[PlyCount "92"]
[EventDate "2023.07.13"]
[EventType "swiss"]
[EventRounds "9"]
[EventCountry "ESP"]
[SourceTitle "CBM 215 Extra"]
[Source "ChessBase"]
[SourceDate "2023.09.30"]
[SourceVersion "1"]
[SourceVersionDate "2023.09.30"]
[SourceQuality "1"]

1. d4 Nf6 2. Nf3 b6 3. Nbd2 Bb7 4. e3 e6 5. Be2 d5 6. 0-0 Be7 7. b3 Nbd7 8. Bb2 0-0 9. Rc1 Rc8 10. c4 c5 11. Re1 dxc4 12. Nxc4 Bd5 13. Nfe5 Nxe5 14. Nxe5 Nd7 15. Nxd7 Qxd7 16. Bf3 cxd4 17. Bxd5 Qxd5 18. Bxd4 Ba3 19. Rxc8 Rxc8 20. Qg4 Bf8 21. Rd1 h5 22. Qe2 Qf5 23. e4 Qg6 24. f3 Kh7 25. h3 Qg5 26. Be3 Bc5 27. f4 Qxf4 28. Qxh5+ Qh6 29. Qxh6+ gxh6 30. Bxc5 Rxc5 31. Rd7 Ra5 32. Rxf7+ Kg6 33. Rf2 Kg5 34. g3 h5 35. h4+ Kg6 36. Kg2 Re5 37. Kf3 Rc5 38. Re2 Rc3+ 39. Re3 Rc7 40. a3 Kf6 41. b4 Rc1 42. Kf4 Rf1+ 43. Rf3 Re1 44. Re3 Rf1+ 45. Rf3 Re1 46. Re3 Rf1+ 1/2-1/2

[Event "Barcelona Sant Marti op-B 23rd"]
[Site "Barcelona"]
[Date "2023.07.15"]
[Round "3"]
[White "Serra Vilaro, Agustin"]
[Black "Martin Sanchez, Antoni"]
[Result "1-0"]
[WhiteElo "1661"]
[BlackElo "1448"]
[PlyCount "77"]
[EventDate "2023.07.13"]
[EventType "swiss"]
[EventRounds "9"]
[EventCountry "ESP"]
[SourceTitle "CBM 215 Extra"]
[Source "ChessBase"]
[SourceDate "2023.09.30"]
[SourceVersion "1"]
[SourceVersionDate "2023.09.30"]
[SourceQuality "1"]

1. d4 d5 2. c3 Nf6 3. e3 Nbd7 4. f4 Ne4 5. Nf3 c5 6. Nbd2 Nxd2 7. Bxd2 cxd4 8. exd4 Nf6 9. Bd3 e6 10. Qe2 Be7 11. 0-0 Bd6 12. Ne5 0-0 13. Rac1 a6 14. Rf3 g6 15. Rh3 Kg7 16. g4 Qc7 17. f5 exf5 18. Bh6+ Kg8 19. Bxf8 Bxf8 20. gxf5 Bg7 21. Rf3 Qd8 22. Qf2 Qd6 23. Rf1 Ne4 24. Bxe4 dxe4 25. f6 Bh6 26. Rg3 Be6 27. Ng4 Bf8 28. a3 b5 29. Qf4 Qd5 30. h4 a5 31. Rf2 b4 32. Ne3 Qb7 33. h5 bxc3 34. bxc3 Ra7 35. Qe5 Qd7 36. d5 Bd6 37. Qg5 Bxg3 38. Qh6 Bxf2+ 39. Kxf2 1-0

[Event "Barcelona Sant Marti op 10th"]
[Site "Barcelona"]
[Date "2023.01.19"]
[Round "2"]
[White "Martin Sanchez, Antoni"]
[Black "Cabot Muntane, Jordi"]
[Result "0-1"]
[WhiteElo "1451"]
[BlackElo "1822"]
[PlyCount "82"]
[EventDate "2023.01.12"]
[EventType "swiss"]
[EventRounds "9"]
[EventCountry "ESP"]
[SourceTitle "CBM 213 Extra"]
[Source "ChessBase"]
[SourceDate "2023.05.31"]
[SourceVersion "1"]
[SourceVersionDate "2023.05.31"]
[SourceQuality "1"]

1. d4 Nf6 2. Nf3 b6 3. g3 Bb7 4. Bg2 e6 5. 0-0 Be7 6. Nbd2 0-0 7. Re1 d5 8. c3 c5 9. e3 Nc6 10. b3 Rc8 11. Bb2 h6 12. Rc1 Re8 13. c4 Nb4 14. Qe2 Ne4 15. Nxe4 dxe4 16. Nd2 Nd3 17. Nxe4 Nxc1 18. Rxc1 Rc7 19. Rd1 Rd7 20. Rf1 f5 21. Nd2 Bxg2 22. Kxg2 Bf6 23. Nf3 Qa8 24. Kg1 Qe4 25. Rd1 cxd4 26. Bxd4 Bxd4 27. Nxd4 Red8 28. f3 Qb7 29. Rf1 e5 30. Ne6 Re8 31. Qc2 Rxe6 32. Qxf5 Qc6 33. e4 Rd2 34. f4 exf4 35. Qxf4 Qd6 36. Qf7+ Kh8 37. Re1 Rf6 38. Qe8+ Kh7 39. e5 Qd4+ 40. Kh1 Qf2 41. exf6 Qxh2# 0-1

[Event "Barcelona Sant Marti op-B 22nd"]
[Site "Barcelona"]
[Date "2022.07.20"]
[Round "8"]
[White "Martin Sanchez, Antoni"]
[Black "Carrasco Pedro, Jose Maria"]
[Result "1-0"]
[WhiteElo "1552"]
[BlackElo "1153"]
[PlyCount "89"]
[EventDate "2022.07.13"]
[EventType "swiss"]
[EventRounds "9"]
[EventCountry "ESP"]
[SourceTitle "CBM 210 Extra"]
[Source "ChessBase"]
[SourceDate "2022.11.30"]
[SourceVersion "1"]
[SourceVersionDate "2022.11.30"]
[SourceQuality "1"]

1. d4 d5 2. Nf3 Nc6 3. c3 e6 4. Nbd2 Nf6 5. Qc2 Bd6 6. e4 e5 7. exd5 Nxd5 8. Bb5 0-0 9. Bxc6 bxc6 10. 0-0 Ba6 11. Re1 exd4 12. Nxd4 Nf4 13. N2f3 Bb7 14. Qf5 Bc8 15. Qe4 Qe7 16. Bxf4 Qxe4 17. Rxe4 c5 18. Bxd6 cxd6 19. Nb5 Rb8 20. Nxd6 Rxb2 21. h3 Bf5 22. Re5 Bd3 23. Rxc5 g6 24. Rc7 a6 25. a4 Kg7 26. a5 h6 27. c4 Rfb8 28. Rxf7+ Kg8 29. Ra7 Re2 30. Rxa6 Rbb2 31. Ra8+ Kg7 32. Ra7+ Kg8 33. Re1 Rxe1+ 34. Nxe1 Rb1 35. Re7 Kf8 36. Re5 Kg7 37. a6 Ra1 38. a7 Bxc4 39. Nxc4 Rxa7 40. Re6 Rc7 41. Ne3 Kf7 42. Rb6 Re7 43. Nf3 Re6 44. Rxe6 Kxe6 45. g4 1-0

[Event "Barcelona Sant Marti op-B 22nd"]
[Site "Barcelona"]
[Date "2022.07.18"]
[Round "6"]
[White "Bermejo Cuadra, Robert"]
[Black "Martin Sanchez, Antoni"]
[Result "0-1"]
[WhiteElo "1172"]
[BlackElo "1552"]
[PlyCount "84"]
[EventDate "2022.07.13"]
[EventType "swiss"]
[EventRounds "9"]
[EventCountry "ESP"]
[SourceTitle "CBM 210 Extra"]
[Source "ChessBase"]
[SourceDate "2022.11.30"]
[SourceVersion "1"]
[SourceVersionDate "2022.11.30"]
[SourceQuality "1"]

1. d4 d5 2. Nf3 Nf6 3. Nc3 e6 4. Bg5 Nbd7 5. Ne5 Be7 6. Nxd7 Bxd7 7. e3 0-0 8. f4 a6 9. a3 c5 10. Qd2 Rc8 11. 0-0-0 h6 12. Bxf6 Bxf6 13. g3 cxd4 14. exd4 b5 15. Qg2 Qb6 16. Qd2 b4 17. Nb1 bxa3 18. Nxa3 Be7 19. Qd3 Rb8 20. Qb3 Qa7 21. Qa2 Rfc8 22. Rd3 Rc7 23. Kd2 a5 24. Be2 a4 25. Rb1 Bf6 26. c3 Rcb7 27. Ke3 Be7 28. Rd2 Rb6 29. Nc2 Rb3 30. Kf2 Qb6 31. Na1 Rxc3 32. bxc3 Qxb1 33. Qxb1 Rxb1 34. Rd1 Rb2 35. Ke1 a3 36. Rd2 Bd8 37. Kd1 Ba5 38. Kc1 Bxc3 39. Rc2 Bxd4 40. Kd2 Rxc2+ 41. Nxc2 a2 42. Bb5 Bxb5 0-1

[Event "Barcelona Sant Marti op-B 22nd"]
[Site "Barcelona"]
[Date "2022.07.16"]
[Round "4"]
[White "Martin Sanchez, Antoni"]
[Black "Safont Tria Sastre, Biel"]
[Result "0-1"]
[WhiteElo "1552"]
[BlackElo "1384"]
[PlyCount "48"]
[EventDate "2022.07.13"]
[EventType "swiss"]
[EventRounds "9"]
[EventCountry "ESP"]
[SourceTitle "CBM 210 Extra"]
[Source "ChessBase"]
[SourceDate "2022.11.30"]
[SourceVersion "1"]
[SourceVersionDate "2022.11.30"]
[SourceQuality "1"]

1. d4 Nf6 2. Nf3 g6 3. c3 Bg7 4. Nbd2 0-0 5. Qc2 d6 6. e4 Nbd7 7. Bc4 e5 8. dxe5 Nxe5 9. Nxe5 dxe5 10. 0-0 b6 11. Re1 Bb7 12. f3 Qe7 13. Nf1 h6 14. Be3 Rfd8 15. Rad1 a5 16. a3 Nh5 17. Qc1 Bc6 18. Bxh6 Qc5+ 19. Kh1 Qxc4 20. Rxd8+ Rxd8 21. Qg5 Re8 22. Bxg7 Kxg7 23. Qd2 Qc5 24. Rd1 Nf4 0-1

[Event "Barcelona Sant Marti op-B 22nd"]
[Site "Barcelona"]
[Date "2022.07.13"]
[Round "1"]
[White "Flores de Paco, David"]
[Black "Martin Sanchez, Antoni"]
[Result "1-0"]
[WhiteElo "1915"]
[BlackElo "1552"]
[PlyCount "61"]
[EventDate "2022.07.13"]
[EventType "swiss"]
[EventRounds "9"]
[EventCountry "ESP"]
[SourceTitle "CBM 210 Extra"]
[Source "ChessBase"]
[SourceDate "2022.11.30"]
[SourceVersion "1"]
[SourceVersionDate "2022.11.30"]
[SourceQuality "1"]

1. e4 e6 2. d4 d5 3. e5 c5 4. c3 Nc6 5. Nf3 Qb6 6. Bd3 Bd7 7. dxc5 Bxc5 8. 0-0 g6 9. b4 Bf8 10. a4 Qc7 11. Re1 Bg7 12. Bf4 h5 13. Na3 Nh6 14. Nb5 Qd8 15. Nd6+ Kf8 16. Nxb7 Qc7 17. Nc5 Rd8 18. Qe2 Bc8 19. Nd4 Nf5 20. Rac1 Nfxd4 21. cxd4 Nxd4 22. Qb2 Nf3+ 23. gxf3 Qe7 24. Qd2 h4 25. Bg5 f6 26. Qf4 Kf7 27. exf6 Bxf6 28. Nxe6 Bxe6 29. Rc7 Rd7 30. Rxd7 Qxd7 31. Qxf6+ 1-0

[Event "Foment Martinenc op-C 22nd"]
[Site "Barcelona"]
[Date "2022.06.18"]
[Round "9"]
[White "Martin Sanchez, Antoni"]
[Black "Zhang, Ying Jr Xiong"]
[Result "1-0"]
[WhiteElo "1743"]
[BlackElo "1604"]
[PlyCount "83"]
[EventDate "2022.04.23"]
[EventType "swiss"]
[EventRounds "9"]
[EventCountry "ESP"]
[SourceTitle "EXT 2023"]
[Source "ChessBase"]
[SourceDate "2022.10.05"]
[SourceVersion "1"]
[SourceVersionDate "2022.10.05"]
[SourceQuality "1"]

1. d4 d5 2. Nf3 Nf6 3. Nbd2 c5 4. e3 Bf5 5. c3 Nc6 6. Bb5 Qb6 7. Ba4 e6 8. dxc5 Bxc5 9. Nb3 0-0 10. Nxc5 Qxc5 11. 0-0 Bg4 12. h3 Bh5 13. Bxc6 Bxf3 14. Qxf3 Qxc6 15. Rd1 e5 16. Qf5 Rfe8 17. Qc2 Red8 18. b3 d4 19. exd4 Rxd4 20. Rxd4 exd4 21. c4 b5 22. Bb2 bxc4 23. Bxd4 Rc8 24. Rc1 Qd7 25. Bxf6 gxf6 26. bxc4 Rc5 27. Rd1 Qc6 28. Rd4 Qc7 29. Rg4+ Kh8 30. Qc3 Qe5 31. Rg3 Qxc3 32. Rxc3 Kg7 33. Kf1 Kf8 34. Ke2 Ke7 35. Kd3 Kd6 36. Kd4 Kc6 37. Ra3 a5 38. Rb3 Rg5 39. g3 h5 40. a4 h4 41. g4 Rg8 42. Rf3 1-0

[Event "Foment Martinenc op-C 22nd"]
[Site "Barcelona"]
[Date "2022.05.14"]
[Round "4"]
[White "Monleon Busquets, Ernesto"]
[Black "Martin Sanchez, Antoni"]
[Result "1-0"]
[WhiteElo "1649"]
[BlackElo "1743"]
[PlyCount "139"]
[EventDate "2022.04.23"]
[EventType "swiss"]
[EventRounds "9"]
[EventCountry "ESP"]
[SourceTitle "EXT 2023"]
[Source "ChessBase"]
[SourceDate "2022.10.05"]
[SourceVersion "1"]
[SourceVersionDate "2022.10.05"]
[SourceQuality "1"]

1. d4 Nf6 2. Nf3 d5 3. e3 c6 4. c4 e6 5. Nc3 Nbd7 6. cxd5 cxd5 7. Bd3 Be7 8. 0-0 h6 9. a3 0-0 10. Bc2 Re8 11. Qd3 Nf8 12. b4 a6 13. Nb1 Bd7 14. Re1 Bb5 15. Qd1 Rc8 16. Nbd2 N6d7 17. a4 Bc4 18. Bb2 Bxb4 19. Ba3 Bxa3 20. Rxa3 b5 21. axb5 axb5 22. Bb3 Qe7 23. Ra1 Ng6 24. Ra7 Qd6 25. Qa1 e5 26. dxe5 Ndxe5 27. Nd4 Nd3 28. Nf5 Qe5 29. Qxe5 Rxe5 30. Nd6 Rf8 31. Rb1 f5 32. Bd1 Rb8 33. N6xc4 dxc4 34. Nxc4 Rc5 35. Nd2 Rbc8 36. Raa1 Nge5 37. h3 Rc1 38. Nb3 Rxb1 39. Rxb1 b4 40. Be2 Rc2 41. Bxd3 Nxd3 42. f3 Re2 43. Nd4 Rxe3 44. Nxf5 Re5 45. Nd4 Rd5 46. Nc2 Rb5 47. Rb3 Nc1 48. Rxb4 Rxb4 49. Nxb4 Ne2+ 50. Kf2 Nf4 51. h4 Kf7 52. g3 Ng6 53. Nd3 Kf6 54. Ke3 Kf5 55. g4+ Kf6 56. h5 Ne7 57. Nc5 Kf7 58. Ke4 g6 59. hxg6+ Kxg6 60. Ne6 Kf6 61. Nf4 Kf7 62. Nd5 Nc6 63. Ne3 Ne7 64. Nf5 Nxf5 65. Kxf5 Kg7 66. Ke6 Kg6 67. f4 Kg7 68. f5 Kg8 69. Ke7 h5 70. gxh5 1-0

[Event "Foment Martinenc op-C 22nd"]
[Site "Barcelona"]
[Date "2022.05.07"]
[Round "3"]
[White "Garcia Mosquera, Eduardo"]
[Black "Martin Sanchez, Antoni"]
[Result "0-1"]
[WhiteElo "1621"]
[BlackElo "1743"]
[PlyCount "132"]
[EventDate "2022.04.23"]
[EventType "swiss"]
[EventRounds "9"]
[EventCountry "ESP"]
[SourceTitle "EXT 2023"]
[Source "ChessBase"]
[SourceDate "2022.10.05"]
[SourceVersion "1"]
[SourceVersionDate "2022.10.05"]
[SourceQuality "1"]

1. b4 e6 2. Bb2 Nf6 3. a3 d5 4. e3 Be7 5. Nf3 Bd7 6. Be2 Nc6 7. d4 0-0 8. 0-0 Bd6 9. Nbd2 Re8 10. c4 dxc4 11. Nxc4 Bf8 12. Bd3 h6 13. Re1 Nd5 14. h3 Nce7 15. Nce5 c6 16. Nh2 Nf6 17. Qf3 Nf5 18. e4 Nh4 19. Qe2 Qe7 20. Bc1 Red8 21. g3 Ng6 22. Nxg6 fxg6 23. e5 Nd5 24. Bxg6 Be8 25. Be4 Nc3 26. Qg4 Nxe4 27. Qxe4 Qf7 28. Qg4 Rd7 29. Be3 Qg6 30. Qf3 Rad8 31. Ng4 Rf7 32. Qg2 h5 33. Nh2 Be7 34. Rf1 Qh7 35. Nf3 Qe4 36. Ng5 Qxg2+ 37. Kxg2 Bxg5 38. Bxg5 Rxd4 39. Rfd1 Rfd7 40. Rxd4 Rxd4 41. Kf3 a6 42. Ke3 Rd5 43. f4 Bg6 44. Be7 Bf5 45. h4 Kf7 46. Bc5 Rd3+ 47. Kf2 Bg4 48. Ra2 Kg6 49. a4 Rd5 50. a5 Bf5 51. Ra3 Be4 52. Re3 Kf5 53. Ke2 Bc2 54. Rc3 Ba4 55. Kf2 Kg4 56. Kg2 g6 57. Ra3 Bb5 58. Re3 Rd2+ 59. Kg1 Bc4 60. Rc3 Bd5 61. Re3 Rg2+ 62. Kf1 Rxg3 63. Kf2 Rxe3 64. Kxe3 Kxh4 65. Be7+ Kg4 66. Bg5 h4 0-1

[Event "Barcelona Sant Marti op 9th"]
[Site "Barcelona"]
[Date "2020.01.23"]
[Round "2"]
[White "Vigier Lopez, Carlos"]
[Black "Martin Sanchez, Antoni"]
[Result "1-0"]
[WhiteElo "1720"]
[BlackElo "1496"]
[PlyCount "47"]
[EventDate "2020.01.16"]
[EventType "swiss"]
[EventRounds "9"]
[EventCountry "ESP"]
[SourceTitle "CBM 195 Extra"]
[Source "ChessBase"]
[SourceDate "2020.05.31"]
[SourceVersion "1"]
[SourceVersionDate "2020.05.31"]
[SourceQuality "1"]

1. e4 e6 2. d3 d5 3. Nd2 dxe4 4. Nxe4 Nf6 5. Bg5 Be7 6. Nxf6+ Bxf6 7. Bxf6 Qxf6 8. d4 0-0 9. Nf3 Nc6 10. c3 b6 11. Bd3 Bb7 12. Qc2 h6 13. 0-0-0 a5 14. Rde1 Ne7 15. Ne5 Rad8 16. Kb1 Bxg2 17. Rhg1 Bh3 18. Rg3 Bf5 19. Reg1 Bxd3 20. Qxd3 Nf5 21. Rf3 c5 22. Qb5 cxd4 23. Nd7 dxc3 24. Nxf6+ 1-0

[Event "Barcelona Sant Marti op-B 21st"]
[Site "Barcelona"]
[Date "2019.07.19"]
[Round "7"]
[White "Martin Sanchez, Antoni"]
[Black "Carrasco Gomez, Ariadna"]
[Result "0-1"]
[WhiteElo "1628"]
[BlackElo "1191"]
[PlyCount "74"]
[EventDate "2019.07.13"]
[EventType "swiss"]
[EventRounds "9"]
[EventCountry "ESP"]
[SourceTitle "EXT 2020"]
[Source "ChessBase"]
[SourceDate "2019.10.17"]
[SourceVersion "1"]
[SourceVersionDate "2019.10.17"]
[SourceQuality "1"]

1. d4 Nf6 2. Nf3 d6 3. e3 Nbd7 4. Nbd2 g6 5. c3 Bg7 6. Qc2 0-0 7. Be2 b6 8. 0-0 Bb7 9. Re1 h6 10. h3 e5 11. dxe5 dxe5 12. e4 Nh7 13. Nh2 Nc5 14. f3 Bc8 15. Ndf1 Qe7 16. Be3 Rd8 17. Rad1 Be6 18. b3 Nf6 19. Qc1 Kh7 20. Bf2 Nh5 21. Ne3 Nf4 22. Bf1 Qg5 23. Kh1 Ncd3 24. Qc2 Nxe1 25. Bxe1 Rxd1 26. Qxd1 Nh5 27. Qe2 Ng3+ 28. Bxg3 Qxg3 29. c4 Rd8 30. Nd5 c6 31. Nc7 h5 32. Nxe6 fxe6 33. Qc2 Bh6 34. Bd3 Be3 35. Nf1 Qf2 36. Nxe3 Qxe3 37. Bf1 Qe1 0-1

[Event "Barcelona Sant Marti op-B 21st"]
[Site "Barcelona"]
[Date "2019.07.15"]
[Round "3"]
[White "Martin Sanchez, Antoni"]
[Black "Vargas Drechsler, Carlos"]
[Result "0-1"]
[WhiteElo "1628"]
[BlackElo "1914"]
[PlyCount "82"]
[EventDate "2019.07.13"]
[EventType "swiss"]
[EventRounds "9"]
[EventCountry "ESP"]
[SourceTitle "EXT 2020"]
[Source "ChessBase"]
[SourceDate "2019.10.17"]
[SourceVersion "1"]
[SourceVersionDate "2019.10.17"]
[SourceQuality "1"]

1. d4 d5 2. Nf3 Nf6 3. Nbd2 e6 4. c3 c5 5. e3 Nc6 6. Bb5 Bd7 7. 0-0 Bd6 8. Re1 a6 9. Bd3 cxd4 10. exd4 0-0 11. Ne5 Ne7 12. f4 Bb5 13. Ndf3 Bxd3 14. Qxd3 Ne4 15. Be3 Ng6 16. Rf1 Rc8 17. Rac1 b5 18. a3 Qc7 19. Nd2 Nxd2 20. Qxd2 Bxe5 21. fxe5 Qc4 22. Rf3 a5 23. Qf2 b4 24. axb4 axb4 25. Bd2 b3 26. Rf1 Qc7 27. h4 h5 28. Qg3 Qe7 29. Bg5 Qa7 30. R3f2 Rc4 31. Be3 Ra4 32. Qf3 Nxh4 33. Qxh5 Nf5 34. Rf3 Ra1 35. Rh3 Rxf1+ 36. Kh2 f6 37. exf6 Rxf6 38. Qe8+ Rf8 39. Qxe6+ Qf7 40. Qe5 Nxe3 41. Rxe3 Qf4+ 0-1

[Event "Barcelona Seniors 55 op 6th"]
[Site "Barcelona"]
[Date "2019.04.08"]
[Round "6.7"]
[White "Vallbona Domingo, Joan"]
[Black "Martin Sanchez, Antoni"]
[Result "1-0"]
[WhiteElo "1886"]
[BlackElo "1586"]
[PlyCount "69"]
[EventDate "2019.03.04"]
[EventType "swiss"]
[EventRounds "9"]
[EventCountry "ESP"]
[SourceTitle "EXT 2024"]
[Source "ChessBase"]
[SourceDate "2023.10.10"]
[SourceVersion "1"]
[SourceVersionDate "2023.10.10"]
[SourceQuality "1"]

1. c4 c5 2. g3 Nc6 3. Nc3 Nf6 4. Bg2 g6 5. a3 Bg7 6. Rb1 a5 7. e3 d6 8. Nge2 0-0 9. 0-0 Be6 10. d3 Qc8 11. Nd5 Bxd5 12. cxd5 Ne5 13. d4 Ned7 14. b4 axb4 15. dxc5 Nxc5 16. axb4 Ncd7 17. Bb2 b5 18. Qb3 Nb6 19. Rfc1 Qb7 20. Bd4 Nc4 21. Qd1 Rac8 22. Nc3 Rc7 23. Ra1 Ra8 24. Rxa8+ Qxa8 25. Nxb5 Rb7 26. Rxc4 Rxb5 27. Qc1 Rb8 28. Rc7 Re8 29. Qc4 h5 30. b5 Ng4 31. b6 Bxd4 32. Qxd4 Qa5 33. Bf1 Qe1 34. Rc2 Rb8 35. b7 1-0

[Event "Barcelona Sant Marti op 8th"]
[Site "Barcelona"]
[Date "2019.02.21"]
[Round "6"]
[White "Perez Parra, Agusti"]
[Black "Martin Sanchez, Antoni"]
[Result "0-1"]
[WhiteElo "1700"]
[BlackElo "1586"]
[PlyCount "102"]
[EventDate "2019.01.17"]
[EventType "swiss"]
[EventRounds "9"]
[EventCountry "ESP"]
[SourceTitle "CBM 189 Extra"]
[Source "ChessBase"]
[SourceDate "2019.06.03"]
[SourceVersion "1"]
[SourceVersionDate "2019.06.03"]
[SourceQuality "1"]

1. e4 e6 2. d4 d5 3. e5 c5 4. c3 Nc6 5. Nf3 Qb6 6. b3 cxd4 7. cxd4 Bd7 8. Nc3 Bb4 9. Bd2 Nxd4 10. a3 Nxf3+ 11. Qxf3 Bxc3 12. Qxc3 Ne7 13. Be3 Qd8 14. Bd3 0-0 15. 0-0 Rc8 16. Qb4 Nc6 17. Qd6 Re8 18. a4 Qc7 19. Bc5 Nxe5 20. Qxc7 Rxc7 21. Bd6 Rc3 22. Bb5 Nc6 23. b4 a6 24. Be2 Nd4 25. Rfe1 Nxe2+ 26. Rxe2 f6 27. g3 Kf7 28. a5 e5 29. Rd1 Bg4 30. Re3 Rxe3 31. fxe3 Bxd1 32. Kf2 Ke6 33. Bc7 Rc8 34. Bb6 Kf5 35. Ke1 Bb3 36. Ke2 Ke4 37. Kf2 Rc2+ 38. Ke1 Kf3 39. Kd1 Rc4+ 40. Kd2 Ke4 41. Ke2 Rxb4 42. Kd2 d4 43. Ke2 Bc4+ 44. Kd2 Rb2+ 45. Kc1 Rxh2 46. exd4 exd4 47. Bc7 d3 48. g4 Rg2 49. Kd1 d2 50. Kc2 Bb5 51. Kd1 Ba4# 0-1

[Event "Sant Adria de Besos op 2nd B"]
[Site "Sant Adria de Besos"]
[Date "2018.08.10"]
[Round "1.9"]
[White "Terrones Hernandez, Jonathan"]
[Black "Martin Sanchez, Antoni"]
[Result "1-0"]
[WhiteElo "1841"]
[BlackElo "1535"]
[PlyCount "61"]
[EventDate "2018.08.10"]
[EventType "swiss"]
[EventRounds "9"]
[EventCountry "ESP"]
[SourceTitle "EXT 2024"]
[Source "ChessBase"]
[SourceDate "2023.10.10"]
[SourceVersion "1"]
[SourceVersionDate "2023.10.10"]
[SourceQuality "1"]

1. d4 Nf6 2. Nf3 e6 3. e3 d5 4. Bd3 c5 5. b3 Nc6 6. Bb2 Be7 7. 0-0 0-0 8. a3 Bd7 9. Nbd2 Rc8 10. Ne5 Qc7 11. f4 cxd4 12. exd4 Qb6 13. Ndf3 Be8 14. Qe2 Nd7 15. Kh1 Bf6 16. Rad1 g6 17. Nxc6 Qxc6 18. Ne5 Qd6 19. Rf3 Kg7 20. Rh3 Rh8 21. Rf1 Nf8 22. g4 a6 23. g5 Be7 24. Qg4 Qb6 25. Qh4 Qd8 26. Qh6+ Kg8 27. Ng4 Nd7 28. c4 dxc4 29. Bxc4 Nb6 30. d5 Nxc4 31. Qg7# 1-0

[Event "Barcelona Sant Marti op 7th"]
[Site "Barcelona"]
[Date "2018.02.22"]
[Round "7"]
[White "Molina Tabernero, Jordi"]
[Black "Martin Sanchez, Antoni"]
[Result "1/2-1/2"]
[WhiteElo "1432"]
[BlackElo "1647"]
[PlyCount "99"]
[EventDate "2018.01.11"]
[EventType "swiss"]
[EventRounds "9"]
[EventCountry "ESP"]
[SourceTitle "EXT 2019"]
[Source "ChessBase"]
[SourceDate "2018.10.10"]
[SourceVersion "1"]
[SourceVersionDate "2018.10.10"]
[SourceQuality "1"]

1. d4 d5 2. Bf4 Bf5 3. e3 Nd7 4. c4 e6 5. Nc3 c6 6. a3 Ngf6 7. Nf3 h6 8. h3 dxc4 9. Bxc4 Nb6 10. Bb3 Be7 11. Ne5 0-0 12. g4 Be4 13. Nxe4 Nxe4 14. Nf3 Nd5 15. Bxd5 Qxd5 16. Rg1 g5 17. Bh2 Kg7 18. Nd2 f5 19. Be5+ Kg6 20. gxf5+ Rxf5 21. f4 Nxd2 22. Qxd2 Qf3 23. h4 g4 24. Qe2 Qxe2+ 25. Kxe2 h5 26. e4 Rf7 27. Rh1 Rd8 28. b4 Bf6 29. Bxf6 Kxf6 30. Ke3 Rfd7 31. Rad1 b6 32. Rd2 c5 33. bxc5 bxc5 34. Rhd1 cxd4+ 35. Rxd4 Rxd4 36. Rxd4 Rb8 37. Rb4 Rxb4 38. axb4 Ke7 39. b5 Kd7 40. f5 exf5 41. exf5 Ke7 42. Ke4 Kf6 43. Kf4 Kf7 44. Ke4 Ke7 45. Kf4 Kd6 46. Ke4 Ke7 47. Kf4 Kf6 48. Ke4 Kf7 49. Kf4 Kf6 50. Ke4 1/2-1/2

[Event "Barcelona Tres Peons 47th"]
[Site "Barcelona"]
[Date "2018.01.26"]
[Round "3.4"]
[White "Martin Valentin, Francesco"]
[Black "Martin Sanchez, Antoni"]
[Result "1-0"]
[WhiteElo "1761"]
[BlackElo "1904"]
[PlyCount "121"]
[EventDate "2018.01.12"]
[EventType "swiss"]
[EventRounds "8"]
[EventCountry "ESP"]
[SourceTitle "EXT 2024"]
[Source "ChessBase"]
[SourceDate "2023.10.10"]
[SourceVersion "1"]
[SourceVersionDate "2023.10.10"]
[SourceQuality "1"]

1. e4 e6 2. d4 d5 3. e5 c5 4. c3 Nc6 5. Nf3 Qb6 6. dxc5 Bxc5 7. Qc2 a5 8. Bd3 Nge7 9. 0-0 h6 10. a4 0-0 11. Na3 Ng6 12. Bxg6 fxg6 13. Qxg6 Kh8 14. Nb5 Ne7 15. Qd3 Bd7 16. Nbd4 Nf5 17. g4 Nxd4 18. cxd4 Be7 19. g5 hxg5 20. Nxg5 Bxg5 21. Bxg5 Rf5 22. f4 Qb4 23. Qd1 Rc8 24. Ra3 Bc6 25. Rh3+ Kg8 26. b3 Be8 27. Rg3 b5 28. Bf6 Rc7 29. Kh1 bxa4 30. Rfg1 Qf8 31. bxa4 Rxf6 32. exf6 Qxf6 33. Qd2 Rf7 34. Qxa5 Qxf4 35. Qd8 Qe4+ 36. R3g2 Rf8 37. Qe7 g6 38. h4 Bxa4 39. Qg5 Be8 40. Qe5 Qxe5 41. dxe5 Rf5 42. Rg5 Kh7 43. R1g4 Kh6 44. Rxf5 gxf5 45. Rb4 Kh5 46. Kh2 d4 47. Rxd4 Bc6 48. Kg3 Bd5 49. Rf4 Kg6 50. Kf2 Bc6 51. Ke3 Kh5 52. Kd4 Bd5 53. Kc5 Ba2 54. Kd6 Bb3 55. Rd4 Ba2 56. Kc5 Bb3 57. Kb4 Ba2 58. Kc3 Bd5 59. Rxd5 exd5 60. e6 Kg6 61. h5+ 1-0

[Event "Barcelona Sant Marti op 7th"]
[Site "Barcelona"]
[Date "2018.01.11"]
[Round "1"]
[White "Riera Danes, Manel"]
[Black "Martin Sanchez, Antoni"]
[Result "1-0"]
[WhiteElo "1948"]
[BlackElo "1647"]
[PlyCount "87"]
[EventDate "2018.01.11"]
[EventType "swiss"]
[EventRounds "9"]
[EventCountry "ESP"]
[SourceTitle "EXT 2019"]
[Source "ChessBase"]
[SourceDate "2018.10.10"]
[SourceVersion "1"]
[SourceVersionDate "2018.10.10"]
[SourceQuality "1"]

1. d4 d5 2. c4 c6 3. Nc3 Nf6 4. Bg5 e6 5. Nf3 Be7 6. e3 0-0 7. Bd3 Nbd7 8. 0-0 dxc4 9. Bxc4 Nb6 10. Bb3 Nbd5 11. Rc1 Bd7 12. Qd3 Rc8 13. e4 Nc7 14. e5 Nfd5 15. Bxe7 Qxe7 16. Ne4 Nf4 17. Qd2 Ncd5 18. g3 Ng6 19. Nd6 Rb8 20. h4 f6 21. Ne4 fxe5 22. Nxe5 Be8 23. Rce1 Nxe5 24. dxe5 Rf3 25. Bd1 Rf8 26. Bg4 Bg6 27. Nd6 Bf5 28. Bf3 Bh3 29. Bg2 Bxg2 30. Kxg2 Nf4+ 31. gxf4 Qxh4 32. Re3 Rxf4 33. Rg3 Rbf8 34. Qe3 Qh5 35. b3 Rh4 36. Re1 Rh2+ 37. Kf1 Rh1+ 38. Rg1 Rf3 39. Qe4 Rh2 40. Re2 Rh1 41. Rd2 Rfh3 42. Nc4 Rxg1+ 43. Kxg1 Qg5+ 44. Qg2 1-0

[Event "Sant Adria de Besos op-B 1st"]
[Site "Sant Adria de Besos"]
[Date "2017.08.16"]
[Round "8"]
[White "Anjali, R Sagar"]
[Black "Martin Sanchez, Antoni"]
[Result "1-0"]
[WhiteElo "1813"]
[BlackElo "1635"]
[PlyCount "49"]
[EventDate "2017.08.11"]
[EventType "swiss"]
[EventRounds "9"]
[EventCountry "ESP"]
[SourceTitle "EXT 2019"]
[Source "ChessBase"]
[SourceDate "2018.10.10"]
[SourceVersion "1"]
[SourceVersionDate "2018.10.10"]
[SourceQuality "1"]

1. e4 e6 2. d4 d5 3. Nd2 Nf6 4. e5 Nfd7 5. Bd3 c5 6. c3 Nc6 7. Ne2 Qb6 8. Nf3 Be7 9. 0-0 c4 10. Bc2 f6 11. exf6 Nxf6 12. Nf4 Nd8 13. Re1 0-0 14. Ng5 h6 15. Nf3 Bd6 16. Ng6 Re8 17. Nfe5 Nf7 18. Qf3 Be7 19. Qg3 Nh5 20. Qg4 Nf6 21. Nxe7+ Rxe7 22. Qg6 Nxe5 23. dxe5 Rf7 24. exf6 Bd7 25. Qh7+ 1-0